Recent advancement in soil behavior, in situ test methods, pile foundations, and tunneling (Record no. 115750)
[ view plain ]
| 000 -LEADER | |
|---|---|
| fixed length control field | 02114nam a2200421 a 4500 |
| 082 04 - DEWEY DECIMAL CLASSIFICATION NUMBER | |
| Classification number | 625.7/3 |
| 245 00 - TITLE STATEMENT | |
| Title | Recent advancement in soil behavior, in situ test methods, pile foundations, and tunneling |
| 260 ## - PUBLICATION, DISTRIBUTION, ETC. (IMPRINT) | |
| Place of publication | Reston, Va. : |
| Name of publisher | American Society of Civil Engineers, |
| Year of publication | c2009. |
| 300 ## - PHYSICAL DESCRIPTION | |
| Number of Pages | xii, 290 p. : |
| Other physical details | ill. (some col.). |
| 490 1# - SERIES STATEMENT | |
| Series statement | Geotechnical special publication ; |
| 650 #0 - SUBJECT ADDED ENTRY--TOPICAL TERM | |
| Topical Term | Roads |
| Topical Term | Soil stabilization |
| Topical Term | Soils |
| Topical Term | Piling (Civil engineering) |
| Topical Term | Tunneling |
| 700 1# - ADDED ENTRY--PERSONAL NAME | |
| Personal name | Ali, Liaqat. |
| 856 40 - ELECTRONIC LOCATION AND ACCESS | |
| Uniform Resource Identifier | http://site.ebrary.com/lib/rucke/Doc?id=10475981 |
No items available.
